| 000 | 00933nam a2200253Ia 4500 | ||
|---|---|---|---|
| 003 | OSt | ||
| 005 | 20221005113254.0 | ||
| 006 | a|||||r|||| 00| 0 | ||
| 007 | ta | ||
| 008 | 221004b |||||||| |||| 00| 0 pan d | ||
| 020 |
_a9788130201252 (hbk) _c600 |
||
| 024 | _a5670 | ||
| 037 |
_b707, 14/06/2013, H.K. Prakashan _cTextual |
||
| 040 |
_aCRL _cCRL _bpan |
||
| 041 |
_2pan _apan |
||
| 082 | _aO153,3N08x, Q2 | ||
| 100 | _aਧਨਵੰਤ ਕੌਰ, ਥਦ. | ||
| 245 | 0 |
_aਸੰਤ ਸਿੰਘ ਸੇਖੋ੍ਵ ਰਚਨਾਵਲੀ _b ਕਹਾਣੀ ਅਤੇ ਨਾਵਲ |
|
| 260 |
_aਪਟਿਆਲਾ _bਪੰਜਾਬੀ ਯੂਨੀਵਰਸਿਟੀ ਭਾਰਤ _c2012 |
||
| 300 |
_a725ਪੰ _ccm. |
||
| 650 | _aਪੰਜਾਬੀ ਸਾਹਿਤ | ||
| 942 |
_hO153,3N08x, Q2 _cTEXL _2cc |
||
| 999 |
_c1027614 _d1027614 |
||